| 000 | 00745nam a22002537a 4500 | ||
|---|---|---|---|
| 001 | 0074 | ||
| 003 | DO-SdBNP | ||
| 005 | 20180207132215.0 | ||
| 007 | 0074 | ||
| 008 | 151016b sp 1983 xxu ||||| |||| 00| 0 spa d | ||
| 020 | _a8427232225 | ||
| 040 |
_aBPMSU _bspa _cBPMSU |
||
| 100 | 1 | 3 | _aEzzell, Marilyn |
| 245 | 1 | 3 |
_aEl secreto del castillo medieval / _cMarilyn Ezzell ; traducción. J.Highstone ; ilustración Héctor Garrido |
| 260 |
_aBarcelona, España : _bMolino, _c1983 |
||
| 300 |
_a175 p. : _bil. ; _c21 cm. |
||
| 490 | 1 |
_aSand, Susan _v2 |
|
| 700 | 1 | 2 |
_aHighstone, J., _etr. |
| 700 | 1 | 2 |
_aGarrido, Héctor, _eil. |
| 830 | 0 | 0 |
_aSand, Susan _n2 |
| 942 |
_2ddc _cBK |
||
| 945 | _aInventariado, 2018 /LP | ||
| 956 |
_aBrenda Tavárez _b10 |
||
| 999 |
_c8392 _d8392 |
||